Statistics for [路線図付き] JR東日本 京浜東北・根岸線 駅名穴埋めクイズ

Click here to take the quiz!

General Stats

  • This quiz has been taken 935 times
    (761 since last reset)
  • The average score is 40 of 47

Answers on the Map

Answers color-coded by a green-red scale on the quiz's map according to % correct below.
 

Answer Stats

Answer% Correct
京浜東北・根岸線JK12横浜
96%
京浜東北線JK26東京
96%
京浜東北線JK47大宮
95%
京浜東北線JK28秋葉原
95%
京浜東北線JK30上野
95%
京浜東北線JK20品川
94%
京浜東北線JK33西日暮里
93%
京浜東北線JK27神田
93%
京浜東北線JK29御徒町
93%
京浜東北線JK32日暮里
93%
京浜東北線JK24新橋
93%
根岸JK01大船
93%
京浜東北線JK21高輪ゲートウェイ
92%
京浜東北線JK22田町
92%
京浜東北線JK25有楽町
92%
京浜東北線JK43浦和
91%
京浜東北線JK34田端
91%
京浜東北線JK16川崎
91%
京浜東北線JK23浜松町
91%
京浜東北線JK42南浦和
90%
京浜東北線JK17蒲田
89%
京浜東北線JK46さいたま新都心
89%
京浜東北線JK31鶯谷
89%
京浜東北線JK38赤羽
89%
根岸JK11桜木町
88%
京浜東北線JK19大井町
88%
京浜東北線JK13東神奈川
87%
京浜東北線JK15鶴見
86%
根岸JK10関内
84%
京浜東北線JK18大森
84%
京浜東北線JK44北浦和
83%
京浜東北線JK36王子
83%
京浜東北線JK39川口
82%
京浜東北線JK45与野
80%
根岸JK07根岸
78%
京浜東北線JK40西川口
78%
根岸JK06磯子
77%
京浜東北線JK37東十条
76%
京浜東北線JK41
75%
京浜東北線JK14新子安
75%
根岸JK09石川町
74%
根岸JK03港南台
73%
根岸JK05新杉田
72%
根岸JK04洋光台
72%
根岸JK08山手
71%
京浜東北線JK35上中里
70%
根岸JK02本郷台
68%

Score Distribution

Percentile by Number Answered

Percent of People with Each Score

Your Score History

You have not taken this quiz since the last reset